01751cam a2200373 a 45000010005000000030006000050050017000110080041000280100017000690200029000860200018001150400023001330420014001560500022001700820015001921000035002072450039002422500044002812600035003253000023003604900027003835050007004105200497004175210029009145210019009436500023009626500022009856500075010076500063010829060045011459420015011909990015012059520157012202093FISKH20231110090842.0120821s2013 nyu c 000 1 eng  a 2012028753 a9780316219945 (hardback) a9780545679466 aDLCcDLCdDLCbeng apccalcac00aPZ7.C458bPl 201300a813.542231 aChristopher, Matt,d1917-1997.10aPlay ball! /cby Matt Christopher. aFirst Scholastic printing, January 2014 aNew York :bScholastic,c2013. a218 pages ;c20 cm0 aLittle league baseball aR  a"Eleven-year-old cousins who are closer than most brothers, catcher Liam McCarthy and pitcher Carter Jones grew up playing baseball together. Now, their team is on the verge of winning the greatest championship of all: the Little League Baseball World Series. To reach the title match, however, they must first beat their number one rivals from Southern California. Little do they know that the game will prove to be just the first challenge they'll face on their road to the championships"--8 a700 bLexile estimate 8 aR bRaz-Plus  1aBaseballvFiction. 1aCousinsvFiction. 7aJUVENILE FICTION / Sports & Recreation / Baseball & Softball.2bisacsh 7aJUVENILE FICTION / Sports & Recreation / General.2bisacsh a7bcbccorignewd1eecipf20gy-gencatlg 2ddccBKn0 c2093d2093 00102ddc40708JUVFa001b001cTK Oranged2023-11-06l1oCHR 813.54 PZ7.C458 pFISTK05424q2025-11-25r2025-11-11 11:36:25s2025-11-11w2023-11-06yBK